| 000 -ლიდერი |
| ფიქსირებული სიგრძის საკონტროლო ველი |
01237nam a2200241Ia 4500 |
| 001 - საკონტროლო ნომერი |
| საკონტროლო ველი |
2152 |
| 003 - საკონტროლო ნომრის იდენტიფიკატორი |
| საკონტროლო ველი |
GE_BSU |
| 005 - ბოლო ოპერაციის თარიღი და დრო |
| საკონტროლო ველი |
20190527140400.0 |
| 008 - ფიქსირებული სიგრძის მონაცემთა ელემენტები - ზოგადი ინფორმაცია |
| ფიქსირებული სიგრძის საკონტროლო ველი |
181216s1986||||ge |||||||||||||| ||geo|| |
| 040 ## - კატალოგიზაციის წყარო |
| Transcribing agency |
GE_BSU |
| 041 ## - ენის კოდი |
| Language code of text/sound track or separate title |
geo |
| 080 ## - უნივერსალური ათობითი კლასიფიკაციის ინდექსი |
| Universal Decimal Classification number |
811.111(075.8) გ-61 |
| 100 ## - მთავარი ჩანაწერი - პიროვნების სახელი |
| Personal name |
გოქსაძე, ლ. |
| 9 (RLIN) |
1619 |
| 245 ## - ცნობა სათაურის შესახებ |
| Title |
თანამედროვე ინგლისური ენის პრაქტიკული გრამატიკა=A practical course in current english grammar : |
| Remainder of title |
სახელმძღვ. უმაღლ. სასწავლებლების სპეც. ფაკ-ტების სტუდენტთათვის / |
| Statement of responsibility, etc |
ლ. გოქსაძე, ნ. მამაცაშვილი, მ. გიგინეიშვილი. |
| 264 ## - წარმოების, გამოცემის, დისტრიბუციის და სხვა ცნობები |
| გამოცემის, წარმოების, დისტრიბუციის... ადგილი |
თბილისი: |
| გამოცემის, წარმოების, დისტრიბუციის... სახელწოდება |
თბილ. უნ-ტის გამ-ბა, |
| გამოცემის, წარმოების, დისტრიბუციის... თარიღი |
1986. |
| 300 ## - ფიზიკური აღწერა |
| Extent |
540 გვ.; |
| Other physical details |
21 სმ. |
| 653 ## - INDEX TERM--UNCONTROLLED |
| Uncontrolled term |
ინგლისური ენა |
| 653 ## - INDEX TERM--UNCONTROLLED |
| Uncontrolled term |
გრამატიკა |
| 700 ## - ADDED ENTRY--PERSONAL NAME |
| Personal name |
მამაცაშვილი, ნ. |
| Relator term |
ავტორი |
| 9 (RLIN) |
1620 |
| 700 ## - ADDED ENTRY--PERSONAL NAME |
| Personal name |
გიგინეიშვილი, მ. |
| Relator term |
ავტორი |
| 9 (RLIN) |
1621 |
| 942 ## - ADDED ENTRY ELEMENTS (KOHA) |
| Koha item type |
წიგნი |
| Source of classification or shelving scheme |
|